| 000 | 00919nam a2200205 i 4500 | ||
|---|---|---|---|
| 001 | 57356 | ||
| 003 | ES-MaACL | ||
| 005 | 20230906163548.0 | ||
| 007 | t| | ||
| 008 | 031016s1930 xxk ||||1| eng d | ||
| 245 | 0 | 0 |
_aSelect documents illustrating the four voyages of Columbus _b: including those contained in R.H. Majors select letters of Christopher Columbus / _ctranslated and edited with additional material an introduction and notes by Cecil Jane. |
| 260 |
_aLondon : _bHarkluyl Society, _c1930. |
||
| 300 |
_a2 v. ; _c22 cm. |
||
| 505 | 8 | _aContiene: V. I.: The first and second voyages. -- T. II.: The third and fourth voyages with a supplementary introduction / by E.G.R. Taylor | |
| 600 | 1 | 4 |
_aColón, Cristóbal. _939869 |
| 651 | 4 |
_aAmérica- _xDescubrimientos y exploraciones- _xEspañoles. _9138324 |
|
| 700 | 1 |
_aTaylor, E. G. R. _9109439 |
|
| 700 | 1 |
_aJane, Cecil. _965997 |
|
| 852 |
_aES-MaACL _jA-2668-69 |
||
| 999 |
_c57356 _d57356 |
||